Global maketing

Sparad:
Bibliografiska uppgifter
Huvudupphovsman: Keegan, Warren J.
Materialtyp: Bok
Språk:Undetermined
Publicerad: Upper Saddle River, NJ Prentice-Hall 2003
Ämnen:
Taggar: Lägg till en tagg
Inga taggar, Lägg till första taggen!
Thư viện lưu trữ: Trung tâm Học liệu Trường Đại học Cần Thơ
LEADER 00489nam a2200181Ia 4500
001 CTU_63706
008 210402s9999 xx 000 0 und d
082 |a 658.848 
082 |b K26 
100 |a Keegan, Warren J. 
245 0 |a Global maketing 
245 0 |c Warren J. Keegan and Mark C. Green 
260 |a Upper Saddle River, NJ 
260 |b Prentice-Hall 
260 |c 2003 
650 |a Export marketing 
904 |i Minh 
980 |a Trung tâm Học liệu Trường Đại học Cần Thơ